[Event "EU-ch U16 19th"]
[Site "Fermo"]
[Date "2009.09.08"]
[Round "8"]
[White "Bongioanni, Alberto"]
[Black "Marconi, Gabriele"]
[Result "0-1"]
[WhiteElo "1747"]
[BlackElo "1795"]
[PlyCount "42"]
[EventDate "2009.08.31"]
[EventType "swiss"]
[EventRounds "9"]
[EventCountry "ITA"]
[SourceTitle "CBM 132 Extra"]
[Source "ChessBase"]
[SourceDate "2009.11.03"]
[SourceVersion "1"]
[SourceVersionDate "2009.11.03"]
[SourceQuality "1"]

1. d4 d5 2. Nf3 c6 3. c4 Nf6 4. Nc3 Nbd7 5. Bf4 e6 6. e3 Bb4 7. a3 Ba5 8. b4 Bc7 9. Bg3 0-0 10. cxd5 exd5 11. Bd3 Re8 12. Qc2 Nf8 13. 0-0 Ng6 14. b5 Bg4 15. Nd2 Bxg3 16. hxg3 Bd7 17. Nb3 Rc8 18. a4 Ng4 19. Nc5 Rc7 20. Nxd7 Qg5 21. bxc6 Qh5 0-1

[Event "EU-ch U16 19th"]
[Site "Fermo"]
[Date "2009.09.06"]
[Round "6"]
[White "Marconi, Gabriele"]
[Black "Rasulo, Stefano"]
[Result "0-1"]
[WhiteElo "1795"]
[BlackElo "1794"]
[PlyCount "70"]
[EventDate "2009.08.31"]
[EventType "swiss"]
[EventRounds "9"]
[EventCountry "ITA"]
[SourceTitle "CBM 132 Extra"]
[Source "ChessBase"]
[SourceDate "2009.11.03"]
[SourceVersion "1"]
[SourceVersionDate "2009.11.03"]
[SourceQuality "1"]

1. d4 d5 2. Nf3 e6 3. Nbd2 Nf6 4. e3 Bd6 5. c4 c6 6. b3 0-0 7. Bd3 Nbd7 8. Bb2 Re8 9. Rc1 e5 10. dxe5 Nxe5 11. Bb1 Bg4 12. 0-0 dxc4 13. Nxc4 Nxc4 14. Rxc4 Be6 15. Rd4 Bd5 16. Qd3 Qc7 17. Rc1 Rad8 18. Rxd5 Bxh2+ 19. Nxh2 Rxd5 20. Qc2 Rh5 21. Nf3 Re6 22. Rd1 Nd5 23. Ba3 Reh6 24. Kf1 Qa5 25. Qc5 Rh1+ 26. Ke2 Qxc5 27. Bxc5 Nc3+ 28. Kd2 Nxd1 29. Bxa7 Nxf2 30. Bf5 Ra1 31. a4 Rd6+ 32. Ke2 Ra2+ 33. Kf1 Rd1+ 34. Ne1 g6 35. Bc8 Nd3 0-1

[Event "EU-ch U16 19th"]
[Site "Fermo"]
[Date "2009.09.03"]
[Round "4"]
[White "Marconi, Gabriele"]
[Black "Sagripanti, Michele"]
[Result "0-1"]
[WhiteElo "1795"]
[BlackElo "1893"]
[PlyCount "54"]
[EventDate "2009.08.31"]
[EventType "swiss"]
[EventRounds "9"]
[EventCountry "ITA"]
[SourceTitle "CBM 132 Extra"]
[Source "ChessBase"]
[SourceDate "2009.11.03"]
[SourceVersion "1"]
[SourceVersionDate "2009.11.03"]
[SourceQuality "1"]

1. d4 b6 2. Nf3 Bb7 3. Nbd2 Nf6 4. e3 e6 5. Bd3 c5 6. b3 Nc6 7. Bb2 d5 8. 0-0 Rc8 9. Rc1 Bd6 10. c4 0-0 11. Bb1 Re8 12. a3 Ne7 13. Qc2 Ng6 14. Rfe1 cxd4 15. Bxd4 Bxa3 16. Rcd1 Bd6 17. Qb2 e5 18. Bc3 Qc7 19. h3 b5 20. Rc1 b4 21. Bxe5 Bxe5 22. Nxe5 Qxe5 23. Qc2 Ne4 24. Nf3 Qf6 25. Nd4 dxc4 26. bxc4 Ne5 27. Qe2 Nc3 0-1

[Event "Porto Sant Elpidio op-A 11th"]
[Site "Porto Sant Elpidio"]
[Date "2008.11.30"]
[Round "6"]
[White "Perogio, Lorenzo"]
[Black "Marconi, Gabriele"]
[Result "1-0"]
[WhiteElo "1857"]
[BlackElo "1832"]
[PlyCount "53"]
[EventDate "2008.11.22"]
[EventType "swiss"]
[EventRounds "6"]
[EventCountry "ITA"]
[SourceTitle "EXT 2011"]
[Source "ChessBase"]
[SourceDate "2010.11.26"]
[SourceVersion "1"]
[SourceVersionDate "2010.11.26"]
[SourceQuality "1"]

1. e4 d6 2. Nc3 Nf6 3. g3 Nc6 4. h3 e5 5. Bg2 Be6 6. Nge2 Qd7 7. d4 exd4 8. Nxd4 Nxd4 9. Qxd4 c5 10. Qd3 Be7 11. Be3 a6 12. a4 0-0 13. f4 Qc8 14. f5 Bd7 15. 0-0 Rb8 16. g4 b5 17. g5 Nh5 18. Nd5 Qd8 19. f6 gxf6 20. gxf6 Nxf6 21. Nxe7+ Qxe7 22. Bg5 c4 23. Qf3 Qxe4 24. Bxf6 Qxf3 25. Rxf3 h6 26. Rg3+ Kh7 27. Be4+ 1-0

[Event "Porto Sant Elpidio op-A 11th"]
[Site "Porto Sant Elpidio"]
[Date "2008.11.23"]
[Round "2"]
[White "Sagripanti, Michele"]
[Black "Marconi, Gabriele"]
[Result "1-0"]
[WhiteElo "1825"]
[BlackElo "1832"]
[PlyCount "43"]
[EventDate "2008.11.22"]
[EventType "swiss"]
[EventRounds "6"]
[EventCountry "ITA"]
[SourceTitle "EXT 2011"]
[Source "ChessBase"]
[SourceDate "2010.11.26"]
[SourceVersion "1"]
[SourceVersionDate "2010.11.26"]
[SourceQuality "1"]

1. e4 e5 2. Nf3 Nc6 3. Bb5 d6 4. d4 exd4 5. 0-0 Bd7 6. Bxc6 Bxc6 7. Nxd4 Be7 8. Nc3 Nf6 9. Qd3 Qd7 10. Nf5 0-0-0 11. b4 Nxe4 12. Nxe4 Qxf5 13. Nxd6+ Rxd6 14. Qxf5+ Kb8 15. b5 Rf6 16. Qe5 Bd6 17. Qxf6 gxf6 18. bxc6 bxc6 19. Bb2 Rg8 20. Bxf6 Rg6 21. Bh4 Rh6 22. Bg3 1-0

[Event "Porto Sant Elpidio op-B 10th"]
[Site "Porto Sant Elpidio"]
[Date "2007.11.25"]
[Round "2"]
[White "Marconi, Gabriele"]
[Black "Paoloni, Andrea"]
[Result "1-0"]
[WhiteElo "1482"]
[BlackElo "1440"]
[PlyCount "45"]
[EventDate "2007.11.24"]
[EventType "swiss"]
[EventRounds "6"]
[EventCountry "ITA"]
[SourceTitle "EXT 2010"]
[Source "ChessBase"]
[SourceDate "2010.11.25"]
[SourceVersion "1"]
[SourceVersionDate "2010.11.25"]
[SourceQuality "1"]

1. d4 d5 2. e3 Nf6 3. Nd2 b6 4. Ngf3 Bb7 5. c4 e6 6. b3 Nbd7 7. Bb2 c5 8. Bd3 cxd4 9. exd4 Bb4 10. 0-0 0-0 11. Rc1 Ne4 12. Bb1 Nxd2 13. Nxd2 Rc8 14. Nf3 Re8 15. Qd3 g6 16. Rc2 Bc6 17. Bc1 e5 18. dxe5 Nxe5 19. Nxe5 Rxe5 20. Bb2 Re1 21. Rxe1 Bxe1 22. Qd4 Qf8 23. Qh8# 1-0

[Event "Porto Sant Elpidio op U16 9th"]
[Site "Porto Sant Elpidio"]
[Date "2006.11.19"]
[Round "3"]
[White "Balzano, Filli"]
[Black "Marconi, Gabriele"]
[Result "0-1"]
[WhiteElo "1440"]
[BlackElo "1404"]
[PlyCount "62"]
[EventDate "2006.11.18"]
[EventType "swiss"]
[EventRounds "6"]
[EventCountry "ITA"]
[SourceTitle "EXT 2011"]
[Source "ChessBase"]
[SourceDate "2010.11.26"]
[SourceVersion "1"]
[SourceVersionDate "2010.11.26"]
[SourceQuality "1"]

1. e4 e5 2. Nf3 Nc6 3. d4 d5 4. dxe5 dxe4 5. Qxd8+ Nxd8 6. Nfd2 f5 7. f4 Bc5 8. Nc3 Ne7 9. Bc4 Ndc6 10. Nb3 Bd4 11. Bd2 b6 12. 0-0-0 Bb7 13. Nb5 0-0-0 14. N3xd4 Nxd4 15. Nxa7+ Kb8 16. Nb5 Nxb5 17. Bxb5 Nd5 18. Kb1 e3 19. Bc3 Nxf4 20. g3 Bxh1 21. Rxh1 Nd5 22. Bd4 c5 23. Bc3 Nxc3+ 24. bxc3 Rd5 25. Re1 Rxe5 26. Bc6 Rd8 27. Bf3 Rd2 28. Re2 Rxe2 29. Bxe2 Rd5 30. Kb2 Rd2 31. Bf3 e2 0-1